000 00256nam a2200097Ia 4500
008 220204s9999 xx 000 0 und d
082 _a355
_bBRI
245 0 _aBritish war production 1939-1945: A record
260 _aLondon
_bPrinting House
_c1945
942 _cBK
999 _c20091
_d20091